The noble scholar, jurist, historian


 His Excellency Dr. Abdul Wahhab bin Ibrahim Abu Sulaiman, may Allah have mercy on him.


 He was born in Umm Al-Qura in the year 1356 AH.

الجهنية في لغة النساء وحكاياتهن / (Record no. 8066)

MARC details
000 -LEADER
fixed length control field 02164cam a22003011i 4500
003 - CONTROL NUMBER IDENTIFIER
control field SA-RiAUC
005 - DATE AND TIME OF LATEST TRANSACTION
control field 20250519080343.0
008 - FIXED-LENGTH DATA ELEMENTS--GENERAL INFORMATION
fixed length control field 250516s2012 su g b 00010 ara c
020 ## - INTERNATIONAL STANDARD BOOK NUMBER
International Standard Book Number 9786144042373
040 ## - CATALOGING SOURCE
Original cataloging agency KW-KcNLK
Language of cataloging ara
Transcribing agency SA-RiAUC
Modifying agency KAC
Description conventions rda
050 #4 - LIBRARY OF CONGRESS CALL NUMBER
Item number G43 2012
082 04 - DEWEY DECIMAL CLASSIFICATION NUMBER
Classification number 810.99531
Assigning agency SA-RiAUC
090 ## - LOCALLY ASSIGNED LC-TYPE CALL NUMBER (OCLC); LOCAL CALL NUMBER (RLIN)
Classification number (OCLC) (R) ; Classification number, CALL (RLIN) (NR) 810.99531
Local cutter number (OCLC) ; Book number/undivided call number, CALL (RLIN) غ ذ ا
100 1# - MAIN ENTRY--PERSONAL NAME
Personal name الغذامي، عبد الله بن محمد بن عبد الله،
Dates associated with a name 1365 هجري-
Relator term مؤلف.
245 12 - TITLE STATEMENT
Title الجهنية في لغة النساء وحكاياتهن /
Statement of responsibility, etc. عبد الله الغذامي.
250 ## - EDITION STATEMENT
Edition statement الطبعة الأولى.
264 #1 - PRODUCTION, PUBLICATION, DISTRIBUTION, MANUFACTURE, AND COPYRIGHT NOTICE
Place of production, publication, distribution, manufacture مكة المكرمة :
-- بيروت :
Name of producer, publisher, distributor, manufacturer نادي مكة الثقافي الأدبي ؛
-- مؤسسة الانتشار العربي،
Date of production, publication, distribution, manufacture, or copyright notice 2012
300 ## - PHYSICAL DESCRIPTION
Extent 187 صفحة ؛
Dimensions 23 × 15 سم.
336 ## - CONTENT TYPE
Content type term نص
Content type code txt
Source rdacontent
Materials specified كتاب
337 ## - MEDIA TYPE
Media type term بدون وسيط
Media type code n
Source rdamedia
338 ## - CARRIER TYPE
Carrier type term مجلد
Carrier type code nc
Source rdacarrier
490 0# - SERIES STATEMENT
Series statement نصوص / نادي مكة الثقافة الأدبي
504 ## - BIBLIOGRAPHY, ETC. NOTE
Bibliography, etc. note يشتمل على إرجاعات ببليوجرافية.
520 ## - SUMMARY, ETC.
Summary, etc. في كتابه "الجهنية في لغة النساء وحكاياتهن" يبحث عبد الله الغذامي ماذا يعني "الجهنية" ثقافيا واجتماعيا. يقدم الكتاب دور المرأة في خلق اللغة والسرد. ويعرض كيف تنقل المرأة تجاربها وأحاسيسها بأسلوب قصصي بسيط وعميق في الوقت ذاته. أهم المحاور في الكتاب : الجهنية، لغة النساء وحكاياتهن كأداة للتعبير عن الذات والتجارب الإنسانية، تحليل النصوص والسلوكيات النسوية وانعكاسها على المجتمع، دور السرد والحكايات في انتصار المرأة وتحول صورتها النمطية، تجليات الجهنية في مقالات الغذامي حول قضايا المرأة.
650 #7 - SUBJECT ADDED ENTRY--TOPICAL TERM
Topical term or geographic name entry element الأدب الشعبي العربي
General subdivision تاريخ ونقد
Source of heading or term aucsh
942 ## - ADDED ENTRY ELEMENTS (KOHA)
Source of classification or shelving scheme Dewey Decimal Classification
Koha item type Books
Suppress in OPAC No
949 ## - LOCAL PROCESSING INFORMATION (OCLC)
a SA-JeALM
d 250516
u mohamedma123
n 1
Holdings
Withdrawn status Lost status Source of classification or shelving scheme Damaged status Not for loan Home library Current library Date acquired Total checkouts Full call number Barcode Date last seen Price effective from Koha item type
    Dewey Decimal Classification     DR AbdElwahab Library DR AbdElwahab Library 05/19/2025   810.99531 غ ذ ا 000013331 05/19/2025 05/19/2025 Books